|
|
|
|
| LEADER |
00000nam2a2200000 4500 |
| 001 |
76634 |
| 005 |
20231031091835.0 |
| 035 |
|
|
|a (RuTPU)RU\TPU\book\82146
|
| 035 |
|
|
|a RU\TPU\book\66399
|
| 090 |
|
|
|a 76634
|
| 100 |
|
|
|a 20050427d1974 km y0rusy50 ca
|
| 101 |
0 |
|
|a rus
|
| 102 |
|
|
|a RU
|
| 105 |
|
|
|a a g 001zy
|
| 200 |
0 |
|
|a Кн. 1
|
| 210 |
|
|
|d 1974
|
| 215 |
|
|
|a 416 с.
|c ил.
|
| 320 |
|
|
|a Библиография в конце глав.
|
| 320 |
|
|
|a Предметный указатель: с. 410-415.
|
| 461 |
|
1 |
|0 (RuTPU)RU\TPU\book\82145
|t Справочник конструктора-машиностроителя
|o в 2-х кн.
|f В. И. Анурьев
|v Кн. 1
|e 4-е, перераб. и доп.
|d 1974
|s Библиотека конструктора
|
| 610 |
1 |
|
|a машиностроение
|
| 610 |
1 |
|
|a конструирование
|
| 610 |
1 |
|
|a детали
|
| 610 |
1 |
|
|a узлы
|
| 610 |
1 |
|
|a комплектующие изделия
|
| 610 |
1 |
|
|a допуски
|
| 610 |
1 |
|
|a посадки
|
| 610 |
1 |
|
|a крепежные изделия
|
| 610 |
1 |
|
|a смазочные материалы
|
| 610 |
1 |
|
|a справочники
|
| 675 |
|
|
|a 621.801(035)
|v 3
|
| 801 |
|
1 |
|a RU
|b 63413507
|c 20040415
|g PSBO
|
| 801 |
|
2 |
|a RU
|b 63413507
|c 20170419
|g PSBO
|
| 942 |
|
|
|c BK
|